000 00844nam a2200193Ia 4500
008 0000001992 a 0000000000spa00
090 _aPPR00 R38l
100 1 _aRivera, Dennis Mario
_d1957
245 1 0 _aLo nunca antes visto
_b: Dennis Mario Rivera
300 _a1 plegable [6] p.
_c/ 30 cm.
500 _aExposición realizada en la Galería Rojo y Negro, San Juan (Puerto Rico), Diciembre 1991 Enero 1992 \ Con el patronazgo del maestro venezolano Jesús Rafael Soto (q.e.p.d.) \ Registro auspiciado por el IDCT. Bogotá
600 0 0 _aRIVERA, DENNIS MARIO, 1957/
_xTRABAJOS PICTORICOS
650 1 4 _aARTE CONTEMPORANEO PUERTORRIQUEÑO
650 1 4 _xCATALOGOS
650 1 4 _xEXPOSICIONES
650 1 4 _aPINTORES PUERTORRIQUEÑOS
650 1 4 _aPINTURA PUERTORRIQUEÑA
999 _c3008
_d3008
260 _aSan Juan : Galería Rojo y Negro
_c1992